000 00727nam a2200265 i 4500
001 C2-0285840
003 PPAK
005 20180728015424.0
008 080114s2007 my a|||| ||||| | may d
020 _a9789833449521
040 _aPPAK
_beng
_cPPAK
_erda
082 0 4 _a899.231
_223
090 0 0 _a899.231
_bPAN
_dK
245 0 0 _aPantun jenaka
264 1 _aKuala Lumpur :
_bPustaka Buana ,
_c2007
300 _a28 pages :
_billustrations ;
_c22 cm
336 _2rdacontent
_atext
337 _2rdamedia
_aunmediated
338 _2rdacarrier
_avolume
490 1 _aSiri seloka khazanah pantun
650 1 0 _aMalay poetry.
700 0 _aKhairi Aziz,
_ecompile
830 0 _aSiri seloka khazanah pantun
942 _ddc
_cB
999 _c91656
_d91656